Breve historia de la revolución mexicana / (Registro nro. 14592)

Detalles MARC
000 -LIDER
fixed length control field 02327njm a2200349 c 4500
001 - NÚMERO DE CONTROL
Identificador de número de control
003 - IDENTIFICACDOR DE NÚMERO DE CONTROL
control field DO-SdBNP
005 - DATE AND TIME OF LATEST TRANSACTION
control field 20240314095128.0
008 - ELEMENTOS DE LONGITUD FIJA
fixed length control field 160127s 2010 mx d spa
015 ## - NÚMERO DENTRO DE LA BIBLIOGRAFÍA NACIONAL
National bibliography number
017 ## - NÚMERO DE REGISTRO DE DERECHOS DE AUTOR
Copyright or legal deposit number
Assigning agency
020 ## - ISBN
International Standard Book Number 9789681605888
035 ## - NÚMERO LOCAL
System control number
040 ## - FUENTE DE CATALOGACIÓN
Agencia que crea de manera original el registro BPMSU
Idioma de catalogación spa
Agencia que realiza la transcripción BPMSU
Convenciones de la despripción
082 #4 - NÚMERO DE CLASIFICACIÓN DECIMAL DE DEWEY
Classification number 972.083
Item number S586b 2010
Edition number 22
084 ## - OTRO NÚMERO DE CLASIFICACIÓN
Classification number
Number source
100 1# - ASIENTO PRINCIPAL -- NOMBRE PERSONAL
Nombre personal Silva Herzog, Jesús,
Fechas asociadas con el nombre 1892-1985.
Término de relación
245 10 - MENCIÓN DE TITULO
Título Breve historia de la revolución mexicana /
Mención de responsabilidad Jesús Silva Herzog
Subtítulo
260 ## - PUBLICACIÓN, DISTRIBUCIÓN, ETC. (PIE DE IMPRENTA)
Lugar de publicación, distribución, etc México :
Nombre del editor, distribuidor, etc. Fondo de Cultura Econonómica,
Fecha de publicación, distribución, etc 2010
300 ## - DESCRIPCIÓN FÍSICA
Extensión v. :
Otros detalles físicos ils. ;
Dimensiones 19 cm.
Material complementario
490 0# - MENCIÓN DE SERIES
Mención de serie Popular,
Volume/sequential designation 17
500 ## - NOTA GENERAL
Nota general Incluye bibliografías e índice.
504 ## - NOTA DE BIBLIOGRAFÍA, ETC.
Bibliography, etc Incluye bibliografía.
505 0# - NOTA DE CONTENIDO
Texto normalizado de contenido v.1 Los antecedentes de la etapa maderista. -- v.2 La etapa constitucionalista y la lucha de facciones.
520 ## - RESUMEN, ETC.
Nota de resumen, etc. México ejerció un atractivo singular, hecho de fascinación y terror, sobre varios escritores anglosajones notables del siglo XX. Pero sólo en Malcolm Lowry la mezcla de la vida y la obra alcanza abismos en verdad infernales, volcánicos, como hay tantos en la geografía mexicana. Los devotos lectores de Bajo el volcán (1947) -sin exageración, una de las cumbres literarias del siglo XX- supieron siempre que aquella novela magistral escondía claves personales que pedían una biografía definitiva que las revelara. Nadie mejor que Gordon Bowker para escribirla. Biógrafo de Orwell y Durrell y compilador editorial de Lowry, Bowker explora con detalle acucioso, a partir de fuentes y testimonios hasta ahora desconocidos, y con una sensibilidad a un tiempo cuidadosa y descarnada, el laberinto existencial de Lowry: el insensato suicidio al que orilló a un amigo de la juventud y la estela de culpa; el alcoholismo agresivo; sus dos matrimonios; la pérdida de sus manuscritos; el incendio de su casa; su tránsito por ciudades, prisiones, cantinas y sanatorios; su torturada relación con médicos, editores, familiares, doctores; su misteriosa muerte.
534 ## - NOTA SOBRE LA VERSIÓN ORIGINAL
Frase introductoria Título original :
Mención del título original Persued by furies. A life of Malcolm Lowry
590 ## - NOTA LOCAL
Texto de la nota local Inventariado, 2024/VM
651 #4 - ENCABEZAMIENTO DE MATERIA--NOMBRE GEOGRÁFICO
Nombre geográfico México
Subdivisión temática general Historia
Subdivisión cronológica Revolución, 1910-1917
710 2# - ASIENTO SECUNDARIO -- NOMBRE CORPORATIVO
Nombre corporativo o de jurisdicción Fondo de Cultura Económica (México)
910 ## - VALIDACIÓN
Validación VMateo V. Control de calidad. BPMSU
942 ## - ADDED ENTRY ELEMENTS (KOHA)
Source of classification or shelving scheme Dewey Decimal Classification
Koha item type Libros
Existencias
Withdrawn status Lost status Source of classification or shelving scheme Damaged status Not for loan Home library Current library Date acquired Source of acquisition Total Checkouts Full call number Barcode Date last seen Copy number Price effective from Koha item type
    Dewey Decimal Classification     Biblioteca Pública Metropolitana Salomé Ureña Biblioteca Pública Metropolitana Salomé Ureña 03/14/2024 Fondo de Cultura Económica   BPMSU CG 972.083 S586b 2010 BPMSU24030039 03/14/2024 v.1 03/14/2024 Libros
    Dewey Decimal Classification     Biblioteca Pública Metropolitana Salomé Ureña Biblioteca Pública Metropolitana Salomé Ureña 03/14/2024 Fondo de Cultura Económica   BPMSU CG 972.083 S586b 2010 BPMSU24030040 03/14/2024 v.2 03/14/2024 Libros
    Dewey Decimal Classification     Biblioteca Pública Metropolitana Salomé Ureña Biblioteca Pública Metropolitana Salomé Ureña 03/14/2024 Fondo de Cultura Económica   BPMSU CG 972.083 S586b 2010 BPMSU24030041 03/14/2024 v.2, e.3 03/14/2024 Libros
    Dewey Decimal Classification     Biblioteca Pública Metropolitana Salomé Ureña Biblioteca Pública Metropolitana Salomé Ureña 03/14/2024 Fondo de Cultura Económica   BPMSU CG 972.083 S586b 2010 BPMSU24030042 03/14/2024 v.2, e.2 03/14/2024 Libros